Normal view MARC view
  • Olmedo Gaxiola, Regina

Entry Nombre Personal

Number of records used in: 1

001 - NUMERO DE CONTROL

  • campo de control: 45951

003 - IDENTIFICADOR DE NUMERO DE CONTROL

  • campo de control: DLC

005 - FECHA Y HORA DE LA ÜLTIMA TRANSACCIÓN

  • campo de control: 20220829102146.0

008 - DATOS DE LONGITUD FIJA

  • campo de control de longitud fija: 220829n| acannaabn |a aaa c

010 ## - NÚMERO DE CONTROL DE LA BIBLIOTECA DEL CONGRESO

  • Número de control LC: no 99040728

035 ## - NUMERO DE CONTROL

  • Número de control: (OCoLC)oca05002333

040 ## - FUENTE DE CATALOGACIÓN

  • Agencia original de catalogación: TxU
  • Lenguaje de catalogación: spa
  • Agencia de transcripción: TxU
  • Agencia que lo modifica: OCoLC
  • Agencia que lo modifica: MX-MxUPN

100 1# - ENCABEZAMIENTO - NOMBRE PERSONAL

  • Nombre personal: Olmedo Gaxiola, Regina

400 1# - VEÁSE - NOMBRE DE PERSONA

  • Personal name: Gaxiola, Regina Olmedo

400 1# - VEÁSE - NOMBRE DE PERSONA

  • Personal name: Olmedo, Regina

670 ## - FUENTE EN LA QUE SE LOCALIZARON DATOS

  • Cita de la fuente: Catálogo de los documentos históricos del Archivo General Agrario, 1998:
  • Información localizada: portada (Regina Olmedo Gaxiola)

670 ## - FUENTE EN LA QUE SE LOCALIZARON DATOS

  • Cita de la fuente: Guía de restitución y dotación de tierras y de reconocimiento, confirmación y titulación de bienes comunales del Archivo General Agrario, 1999
  • Información localizada: portada (Regina Olmedo)

902 ## - CATALOGADOR

  • Catalogador: VAGG/290822